| 000 | 00691nam a2200205 a 4500 | ||
|---|---|---|---|
| 005 | 20231128063923.0 | ||
| 008 | 991125s1992 mx 000 0 spa u | ||
| 020 | _a9684940505 | ||
| 035 | _aUPN01000021000 | ||
| 049 | _aI | ||
| 050 | 4 |
_aPZ75 M6 _bS4 |
|
| 100 | 1 |
_aSerrano, Francisco, _d1949- _939021 |
|
| 245 | 1 | 0 |
_aEsplendor de la América antigüa / _ctexto Francisco Serrano ; il. Felipe Davalos |
| 260 |
_aMéxico : _bCIDCLI : _bSEP, _c1992. |
||
| 300 |
_a[13] p., 1 h. pleg. : _bprincipalmente il. |
||
| 500 | _aLas ilustraciones del material son plegadizas | ||
| 650 | 4 |
_aIndígenas de México _xCultura _95206 |
|
| 650 | 4 |
_aIndígenas de México _xHistoria _912765 |
|
| 905 | _aInfantil | ||
| 999 |
_c21000 _d21000 |
||